[Event "Qatar Masters Open 2024"]
[Site "Doha QAT"]
[Date "2024.12.11"]
[Round "8.32"]
[White "Kukhmazov, Arsen"]
[Black "Panda, Sambit"]
[Result "0-1"]
[WhiteTitle "IM"]
[BlackTitle "IM"]
[WhiteElo "2480"]
[BlackElo "2381"]
[WhiteFideId "24108260"]
[BlackFideId "25091794"]
[EventDate "2024.12.03"]

1. c4 e5 2. g3 c6 3. Nf3 d6 4. Nc3 Nf6 5. Bg2 Be7 6. O-O O-O 7. d4 e4 8. Nd2 d5
9. e3 Be6 10. f3 exf3 11. Bxf3 Nbd7 12. b3 Nb6 13. c5 Nbd7 14. b4 a6 15. a4 h6
16. Bb2 Nh7 17. b5 f5 18. bxc6 bxc6 19. a5 Ndf6 20. Na4 Qe8 21. Nb6 Ra7 22. Bg2
Ng5 23. Nf3 Ng4 24. Qe2 Ne4 25. Bc1 Bd8 26. Bd2 Qh5 27. Qd3 Bc7 28. Be1 Ng5 29.
Ra2 Bb8 30. Rb2 Re7 31. Re2 Bf7 32. Bd2 Rfe8 33. Qxa6 f4 34. gxf4 Bxf4 35. h4
Nxf3+ 36. Rxf3 Bxe3+ 37. Bxe3 Nxe3 38. Ref2 Nxg2 39. Kxg2 Qg4+ 40. Rg3 Qe4+ 41.
Kg1 Qxh4 42. Qd3 Re1+ 43. Rf1 R8e2 0-1

[Event "Qatar Masters Open 2024"]
[Site "Doha QAT"]
[Date "2024.12.11"]
[Round "8.33"]
[White "Swayams, Mishra"]
[Black "Nurgaliyev, Sauat"]
[Result "1/2-1/2"]
[WhiteTitle "GM"]
[BlackTitle "IM"]
[WhiteElo "2456"]
[BlackElo "2374"]
[WhiteFideId "5028183"]
[BlackFideId "13726285"]
[EventDate "2024.12.03"]

1. d4 Nf6 2. c4 g6 3. Nc3 d5 4. Nf3 Bg7 5. Bg5 Ne4 6. Bf4 Nxc3 7. bxc3 c5 8. e3
O-O 9. cxd5 Qxd5 10. Be2 cxd4 11. cxd4 Qa5+ 12. Qd2 Nc6 13. Qxa5 Nxa5 14. O-O
Be6 15. Rfc1 Rac8 16. Nd2 Nc6 17. a3 Bd5 18. Rab1 e5 19. dxe5 Nxe5 20. h3 b6 21.
Ba6 Rcd8 22. Rc2 Be6 23. e4 f5 24. Rc7 Rd7 25. Rxd7 Bxd7 26. Nc4 Nc6 27. Nd6 Bd4
28. Bh6 Bg7 29. Bxg7 Kxg7 30. exf5 Bxf5 31. Rc1 Bd7 32. Bc8 Bxc8 33. Rxc6 Be6
34. Rc7+ Kh6 35. Rxa7 Bd5 36. f3 Rd8 37. Nb5 Bc6 38. Nc3 Rd3 39. Ne2 Rd2 40. Ng3
Rd1+ 41. Kf2 Rd2+ 42. Kf1 Ra2 43. h4 b5 44. Ra6 Bd7 45. Rd6 Bc8 46. Rc6 Bd7 47.
Rd6 Bc8 48. Rc6 Bd7 49. Rc7 Bf5 50. Rc3 Rb2 51. Ne2 Be6 52. Nd4 Bc4+ 53. Kg1 Ra2
54. Nc2 Kg7 55. Ne3 Kf6 56. f4 h5 57. Kh2 Be6 58. Kg3 Rd2 59. Kf3 Bd5+ 60. Nxd5+
Rxd5 61. Ke4 Rd2 62. g3 Rb2 63. Rc6+ Kg7 64. Rc7+ Kf6 65. Rc6+ Kg7 66. f5 gxf5+
67. Kf4 b4 68. a4 Ra2 69. Rc7+ Kf6 70. Rc6+ Kg7 71. Ra6 b3 72. Ra7+ Kf6 73. Ra6+
Kg7 74. Kxf5 b2 75. Ra7+ Kh6 76. Ra6+ Kg7 77. Rg6+ Kh7 78. Rb6 Rxa4 79. Rxb2 Rg4
80. Rb3 Kg7 81. Ra3 Kf7 82. Ra7+ Kg8 83. Ra3 Kf7 84. Rf3 Kg7 85. Ke5 Kg6 86. Ra3
Kg7 87. Ke6 Re4+ 88. Kd6 Rg4 89. Ke5 Kg6 90. Rc3 Kg7 91. Ke6 Re4+ 92. Kf5 Rg4
93. Rc7+ Kh6 94. Rc8 Rxg3 95. Rh8+ Kg7 96. Rxh5 Rg1 97. Rg5+ Rxg5+ 98. hxg5 Kf7
99. g6+ Kg7 100. Kg5 Kg8 101. Kg4 Kg7 102. Kf5 Kg8 103. Kf6 Kf8 104. g7+ Kg8
105. Kg6 1/2-1/2

[Event "Qatar Masters Open 2024"]
[Site "Doha QAT"]
[Date "2024.12.11"]
[Round "8.34"]
[White "Zou, Chen"]
[Black "Aitbayev, Aslan"]
[Result "0-1"]
[WhiteTitle "IM"]
[BlackTitle "IM"]
[WhiteElo "2449"]
[BlackElo "2369"]
[WhiteFideId "8610959"]
[BlackFideId "13704613"]
[EventDate "2024.12.03"]

1. Nf3 d5 2. g3 c6 3. Bg2 Bg4 4. c4 e6 5. O-O Nd7 6. d4 Bd6 7. Qb3 Rb8 8. Nc3
Ngf6 9. h3 Bh5 10. cxd5 exd5 11. Nh4 O-O 12. Qc2 Re8 13. a3 Bg6 14. Nxg6 hxg6
15. Rd1 Nb6 16. Bg5 Qd7 17. b3 Nh7 18. Bd2 Nf6 19. e3 Qf5 20. Qxf5 gxf5 21. Ne2
Ra8 22. Nc1 a5 23. a4 Ne4 24. Be1 g6 25. Nd3 Kg7 26. Bf1 Nd7 27. Kg2 Rh8 28.
Rdc1 Ng5 29. h4 Ne4 30. Rab1 Ra7 31. Rc2 Re8 32. Rcb2 Ba3 33. Ra2 Bd6 34. Be2
Rea8 35. Bd1 Re8 36. Bc2 Rea8 37. Rba1 Bc7 38. Rb1 Bd6 39. Raa1 Bc7 40. Bd1 Bd6
41. Be2 Bc7 42. Rc1 Bd6 43. Rab1 Re8 44. Bd1 Ba3 45. Rc2 Bd6 46. Re2 Bc7 47.
Reb2 Bd6 48. b4 axb4 49. Nxb4 Bc7 50. Nd3 Rb8 51. Bb4 Bd6 52. Be1 Bc7 53. h5 Nd6
54. hxg6 fxg6 55. Bb4 Nc4 56. Re2 Bd6 57. Bc3 Nf6 58. Ne5 Ne4 59. Ba1 Ned2 60.
Rc1 Ba3 61. Rc2 Bb4 62. Rc1 Rba8 63. Bc2 Ra6 64. Nd3 Ba5 65. Rh1 Rh8 66. Rc1
Raa8 67. Nc5 Nd6 68. Rd1 N2c4 69. Bd3 Ra7 70. Rb1 Nd2 71. Rd1 N2c4 72. f3 Re8
73. e4 b6 74. Rh1 Kg8 75. e5 Nf7 76. Bxc4 bxc5 77. e6 Ng5 78. dxc5 Rh7 79. Rxh7
Kxh7 80. Ba6 Rxe6 81. Rb2 Re1 82. Rb7+ Kg8 83. Bf6 Ne6 84. Bf1 Nxc5 85. Rg7+ Kf8
86. Ra7 Bb6 87. Rh7 Nxa4 88. g4 fxg4 89. fxg4 Nc5 90. g5 Ne4 91. Rg7 Re3 92. Ba6
Rg3+ 93. Kf1 Nxf6 94. Rxg6 Bd4 95. Bb7 c5 96. Ke2 Kf7 97. Rxf6+ Bxf6 98. Bxd5+
Kg7 99. gxf6+ Kxf6 100. Kd2 Ke5 101. Bb7 Kd4 102. Ke2 Kc3 103. Kf2 Rd3 104. Ke2
c4 105. Bc6 Rd6 106. Ba4 Kb2 107. Ke3 c3 108. Ke2 c2 109. Bxc2 Kxc2 110. Ke3 Kc3
111. Kf2 Rd3 112. Kg2 Kd4 113. Kh1 Rd2 114. Kg1 Ke3 115. Kh1 Kf3 116. Kg1 Ra2
117. Kh1 Kg3 118. Kg1 Ra1# 0-1

[Event "Qatar Masters Open 2024"]
[Site "Doha QAT"]
[Date "2024.12.11"]
[Round "8.35"]
[White "Khamdamova, Afruza"]
[Black "Nigmatov, Ortik"]
[Result "0-1"]
[WhiteTitle "WIM"]
[BlackTitle "IM"]
[WhiteElo "2354"]
[BlackElo "2447"]
[WhiteFideId "14210444"]
[BlackFideId "14202131"]
[EventDate "2024.12.03"]

1. e4 c5 2. Nf3 Nc6 3. d4 cxd4 4. Nxd4 Nf6 5. Nc3 d6 6. Bg5 Bd7 7. Qd2 a6 8.
O-O-O e6 9. f3 Be7 10. h4 Nxd4 11. Qxd4 h6 12. Be3 h5 13. Qd2 Qc7 14. Kb1 b5 15.
Ne2 a5 16. Nd4 Rb8 17. Bd3 b4 18. Bg5 a4 19. Rhe1 a3 20. b3 e5 21. Ne2 Be6 22.
Rc1 O-O 23. c4 Qd8 24. Ng3 g6 25. Nf1 Nd7 26. Bxe7 Qxe7 27. Qf2 Nc5 28. Bc2 f5
29. Nd2 f4 30. Rh1 Kh7 31. Rcg1 Rf7 32. g4 fxg3 33. Rxg3 Rf4 34. Rg2 Rbf8 35.
Qg3 R8f6 36. Qe1 Bf7 37. Qe3 Qc7 38. Bd1 Ne6 39. Rg3 Nd4 40. Qd3 Be6 41. Rh2 Qe7
42. Rg1 Rf7 43. Rgh1 Bd7 44. Qe3 Bc6 45. Rh3 Qa7 46. Qg1 Qc5 47. Rg3 R7f6 48.
Rh2 Be8 49. Rg5 Kg7 50. Qf2 Kf8 51. Qg1 Ke7 52. Rg3 Kd8 53. Rg5 Kc7 54. Qe3 Kb7
55. Qg1 Rf8 56. Rg3 Bf7 57. Nf1 Rc8 58. Qe3 Rf8 59. Qd3 Be8 60. Rh1 Bc6 61. Nd2
R8f6 62. Rh2 Ne6 63. Be2 Kc7 64. Bd1 Kd7 65. Rgg2 Ke7 66. Rh1 Kf7 67. Rhh2 Qd4
68. Qxd4 Nxd4 69. Rg1 Kg7 70. Kc1 Kh6 71. Rgh1 Rf7 72. Rh3 Bd7 73. Rg3 Be6 74.
Rg5 Rxh4 75. Rhg1 Bg4 76. fxg4 Kxg5 77. gxh5+ Kh6 78. Rxg6+ Kh7 79. Rxd6 Rh2 80.
c5 Rff2 81. Rd7+ Kh6 82. Rd6+ Kg7 83. h6+ Kh7 84. Bg4 Rh1+ 85. Bd1 Rg2 86. Nc4
Rc2+ 0-1

[Event "Qatar Masters Open 2024"]
[Site "Doha QAT"]
[Date "2024.12.11"]
[Round "8.36"]
[White "Pham Tran Gia Phuc"]
[Black "Tyurin, Artem"]
[Result "1/2-1/2"]
[WhiteTitle "IM"]
[BlackTitle "FM"]
[WhiteElo "2445"]
[BlackElo "2356"]
[WhiteFideId "12415669"]
[BlackFideId "44130112"]
[EventDate "2024.12.03"]

1. d4 Nf6 2. Bf4 e6 3. Nf3 d5 4. e3 c5 5. Nbd2 Qb6 6. c4 Nc6 7. dxc5 Bxc5 8. Rb1
O-O 9. a3 a5 10. cxd5 Nxd5 11. Bg3 Rd8 12. Qc2 h6 13. Rc1 Be7 14. e4 Nf6 15. Nc4
Qc5 16. Be2 Nh5 17. O-O Nxg3 18. hxg3 Bd7 19. e5 b5 20. Nd6 Qxc2 21. Rxc2 Nxe5
22. Nxe5 Bxd6 23. Nxd7 Rxd7 24. Bxb5 Rc7 25. Rd2 Be5 26. Re2 Bd6 27. Rd2 Be5 28.
Re2 Bd6 29. Rd2 Be5 30. Re2 Bd6 31. Rd2 1/2-1/2

[Event "Qatar Masters Open 2024"]
[Site "Doha QAT"]
[Date "2024.12.11"]
[Round "8.37"]
[White "Tahbaz, Arash"]
[Black "Shturman, Arseniy"]
[Result "1/2-1/2"]
[WhiteTitle "IM"]
[BlackTitle "FM"]
[WhiteElo "2432"]
[BlackElo "2350"]
[WhiteFideId "12528846"]
[BlackFideId "34275797"]
[EventDate "2024.12.03"]

1. Nf3 Nf6 2. g3 d5 3. Bg2 c5 4. O-O e6 5. d3 Nc6 6. Nbd2 g6 7. e4 Bg7 8. Re1
O-O 9. c3 a5 10. a4 b6 11. e5 Nd7 12. d4 cxd4 13. cxd4 Ba6 14. Nf1 Nb4 15. Ra3
Rc8 16. Bg5 Qe8 17. Rc3 Rxc3 18. bxc3 Nd3 19. Re2 h6 20. Be3 N3xe5 21. dxe5 Bxe2
22. Qxe2 Nc5 23. Bxc5 bxc5 24. c4 Qxa4 25. cxd5 exd5 26. e6 Qe4 27. exf7+ Rxf7
28. Qd1 Qe6 29. Qa4 Qe2 30. Qxa5 Bd4 31. Nxd4 Qxf2+ 32. Kh1 Qxd4 33. h4 Kg7 34.
Nd2 Qd3 35. Kh2 c4 36. Qa1+ Kh7 37. Qe1 c3 38. Nb3 c2 39. Qe6 Qf5 40. Qc6 Qd3
41. Qe6 Rg7 42. Bxd5 Qxb3 43. Bxb3 c1=Q 44. h5 Qd2+ 45. Kh3 Qd3 46. Bc4 Qd8 47.
Bd5 Qg5 48. hxg6+ Rxg6 49. Qd7+ Rg7 50. Be4+ Kh8 51. Qc8+ Rg8 52. Qc3+ Qg7 53.
Qxg7+ Kxg7 54. Bf3 Kf6 55. Kg2 Ke5 56. Kf2 Kd4 57. Bb7 Rb8 58. Bf3 Rb2+ 59. Kg1
Ke3 60. Bc6 Rb6 61. Bd5 Rb5 62. Bc6 Rc5 63. Bb7 Rc1+ 64. Kg2 Rc2+ 65. Kg1 Ra2
66. Bc6 Ra6 67. Bd5 Rd6 68. Bb7 Rg6 69. Kg2 Rg4 70. Bf3 Rg6 71. Bd5 Rf6 72. Bb7
Rf2+ 73. Kg1 Rc2 74. Bd5 Rf2 75. Bc6 h5 76. Bd5 Rf5 77. Bc6 Rc5 78. Bb7 Rc7 79.
Bd5 Rg7 80. Kh2 Kf2 81. Kh3 Rg5 82. Bc6 Rg4 83. Bd5 Rg5 84. Bc6 Rxg3+ 85. Kh4
Rg6 86. Be8 Rg8 87. Bf7 Rg7 88. Be8 Kf3 89. Kxh5 Kf4 90. Kh6 Re7 91. Bg6 Ke5 92.
Bc2 Rc7 93. Bd3 Kf6 94. Kh5 Rc3 95. Bb1 Rg3 96. Bc2 Rg5+ 97. Kh4 Rc5 98. Bd3 Rc3
99. Bb1 Rh3+ 100. Kxh3 1/2-1/2

[Event "Qatar Masters Open 2024"]
[Site "Doha QAT"]
[Date "2024.12.11"]
[Round "8.38"]
[White "Mammadzada, Gunay"]
[Black "Aziz, Husain"]
[Result "1-0"]
[WhiteTitle "IM"]
[BlackTitle "IM"]
[WhiteElo "2421"]
[BlackElo "2329"]
[WhiteFideId "13403729"]
[BlackFideId "12100293"]
[EventDate "2024.12.03"]

1. e4 e5 2. Nf3 Nc6 3. Bb5 a6 4. Ba4 Nf6 5. O-O d6 6. c3 Bd7 7. Re1 g6 8. d4 Bg7
9. h3 O-O 10. Bc2 a5 11. a3 Qe8 12. Be3 a4 13. Nbd2 Nh5 14. dxe5 Nxe5 15. Nd4
Qd8 16. Nf5 Bf6 17. Nh6+ Kh8 18. f4 Nc6 19. Bxa4 Bg7 20. Ng4 f5 21. exf5 Rxf5
22. Bc2 Rf7 23. Qf3 Qf8 24. Ne4 Ra5 25. Rf1 Ne7 26. b4 Raf5 27. Bb3 Nd5 28. Ng5
Rxg5 29. Bxd5 Rxd5 30. Qxd5 Bc6 31. Qd3 Ng3 32. Rfe1 Be4 33. Qd2 h5 34. Bf2 hxg4
35. Bxg3 Bf5 36. hxg4 Bxg4 37. Re3 Bf6 38. Rae1 Bd7 39. Qd5 Bc6 40. Qc4 d5 41.
Qd3 d4 42. Re6 dxc3 43. b5 Rd7 44. Qxg6 Bd4+ 45. Kh1 Rh7+ 46. Bh2 Rxh2+ 47. Kxh2
Qxf4+ 48. g3 Qf2+ 49. Kh3 Qg2+ 50. Kg4 Bd7 51. Qh6+ Kg8 52. Qg5+ Kh7 53. Qe7+ 1-0

[Event "Qatar Masters Open 2024"]
[Site "Doha QAT"]
[Date "2024.12.11"]
[Round "8.39"]
[White "Jani, Kushal R"]
[Black "Harsh, Suresh"]
[Result "1-0"]
[BlackTitle "IM"]
[WhiteElo "2326"]
[BlackElo "2420"]
[WhiteFideId "25679988"]
[BlackFideId "45018464"]
[EventDate "2024.12.03"]

1. d4 d5 2. c4 e6 3. Nf3 Nf6 4. Nc3 Bb4 5. Qa4+ Nc6 6. e3 O-O 7. Bd2 dxc4 8.
Bxc4 a6 9. O-O Bd6 10. Rad1 e5 11. dxe5 Nxe5 12. Nxe5 Bxe5 13. Be2 Qe7 14. Qh4
Re8 15. Na4 Bd6 16. Bf3 Rb8 17. Bc3 Bf5 18. Bxf6 Qxf6 19. Qxf6 gxf6 20. Rc1 Re5
21. Rfd1 Ra5 22. Nc3 Be5 23. a3 Be6 24. Be2 f5 25. f4 Bf6 26. Kf2 b5 27. Nd5
Bxb2 28. Ne7+ Kf8 29. Nc6 Bxc1 30. Rxc1 Rxa3 31. Nxb8 Ra2 32. Ke1 b4 33. Nxa6 b3
34. Nxc7 Bd7 35. Nd5 Be6 36. Nc3 Rb2 37. Na4 Ra2 38. Nc5 Bd5 39. Rb1 Bxg2 40.
Rxb3 Bd5 41. Rd3 Bg2 42. Kf2 Bh3 43. Kg3 Rxe2 44. Kxh3 Kg7 45. Nb3 Kg6 46. Nd4
Ra2 47. Rb3 h5 48. Rb5 Ra3 49. Nxf5 Ra2 50. Nh4+ Kh6 51. Rg5 1-0

[Event "Qatar Masters Open 2024"]
[Site "Doha QAT"]
[Date "2024.12.11"]
[Round "8.40"]
[White "Akhmetov, Ayan"]
[Black "Jain, Kashish Manoj"]
[Result "0-1"]
[WhiteTitle "IM"]
[BlackTitle "FM"]
[WhiteElo "2417"]
[BlackElo "2308"]
[WhiteFideId "13703706"]
[BlackFideId "35081098"]
[EventDate "2024.12.03"]

1. e4 c5 2. Nf3 Nc6 3. d4 cxd4 4. Nxd4 Nf6 5. Nc3 d6 6. Bc4 Qb6 7. Nb3 e6 8. Bf4
Ne5 9. Be2 Bd7 10. Be3 Qc7 11. Nb5 Bxb5 12. Bxb5+ Nc6 13. f3 d5 14. exd5 Nxd5
15. Bd4 O-O-O 16. Bxc6 Qxc6 17. Qe2 e5 18. Be3 Nxe3 19. Qxe3 Kb8 20. O-O Bd6 21.
Qe4 Qb6+ 22. Kh1 g6 23. Rad1 f5 24. Qh4 Qc7 25. Rd2 Be7 26. Rxd8+ Bxd8 27. Qf2
Re8 28. c3 Qc4 29. Re1 Bb6 30. Qe2 Qa4 31. Qc2 e4 32. fxe4 fxe4 33. c4 e3 34.
Qc3 e2 35. Qc2 Qxa2 36. h3 Bf2 37. Nc1 Qa1 0-1

[Event "Qatar Masters Open 2024"]
[Site "Doha QAT"]
[Date "2024.12.11"]
[Round "8.41"]
[White "Klukin, Kirill"]
[Black "George Samir, David"]
[Result "1/2-1/2"]
[WhiteTitle "IM"]
[BlackTitle "FM"]
[WhiteElo "2413"]
[BlackElo "2272"]
[WhiteFideId "24199273"]
[BlackFideId "10657789"]
[EventDate "2024.12.03"]

1. d4 d5 2. c4 e6 3. Nc3 Nf6 4. e3 c5 5. Nf3 cxd4 6. exd4 Nc6 7. Be2 dxc4 8.
Bxc4 Be7 9. O-O O-O 10. a3 b6 11. Be3 Bb7 12. Rc1 Rc8 13. Ba2 Na5 14. Qd3 Bxf3
15. gxf3 Nh5 16. d5 Bd6 17. Ne4 Rxc1 18. Rxc1 Nf4 19. Bxf4 Bxf4 20. Rd1 exd5 21.
Qxd5 Qxd5 22. Bxd5 b5 23. Nc3 a6 24. b4 Nc4 25. Bxc4 bxc4 26. Nd5 Be5 27. Rc1
Bb2 28. Rxc4 Bxa3 29. Rc6 Ra8 30. Kf1 f6 31. Rc3 Bb2 32. Rc7 Rb8 33. Ra7 Ba3 34.
Rxa6 Bxb4 35. Nxb4 Rxb4 36. Ra7 h5 37. Kg2 Kh7 38. Ra5 Kh6 39. Ra6 Kg5 40. Ra5+
f5 41. Ra6 h4 42. h3 1/2-1/2

[Event "Qatar Masters Open 2024"]
[Site "Doha QAT"]
[Date "2024.12.11"]
[Round "8.42"]
[White "Bagwe, Gaurang"]
[Black "Rakhmatullaev, Almas"]
[Result "1/2-1/2"]
[WhiteTitle "FM"]
[BlackTitle "IM"]
[WhiteElo "2302"]
[BlackElo "2410"]
[WhiteFideId "45039895"]
[BlackFideId "14205793"]
[EventDate "2024.12.03"]

1. e4 c5 2. c3 Nf6 3. e5 Nd5 4. Nf3 e6 5. d4 cxd4 6. cxd4 b6 7. Nc3 Nxc3 8. bxc3
Bb7 9. Bd3 d6 10. O-O Nd7 11. Bf4 Qc7 12. Re1 h6 13. c4 O-O-O 14. Be4 Bxe4 15.
Rxe4 Qb7 16. Qc2 g5 17. Bg3 Rg8 18. h3 h5 19. exd6 f5 20. Re2 f4 21. c5 Qc6 22.
Bh2 g4 23. hxg4 hxg4 24. cxb6 Qxc2 25. Rxc2+ Kb8 26. bxa7+ Ka8 27. Ne5 g3 28.
fxg3 fxg3 29. Bxg3 Rxg3 30. Nxd7 Rxd7 31. Rc8+ Kxa7 32. Rxf8 Rxd6 33. Rf4 Ra3
34. Kf2 Ka6 35. Re4 Kb5 36. Re2 Kc4 37. Rc1+ Kd5 38. Rd1 Rda6 39. Rdd2 R6a4 40.
Re5+ Kd6 41. Rde2 Rxd4 42. Rxe6+ Kd7 43. Re7+ Kd6 44. R7e6+ Kd7 45. R6e3 Ra5 46.
Rc2 Rf5+ 47. Ke2 Rg5 48. g3 Ra5 49. a3 Rad5 50. Rcc3 Rd2+ 51. Kf3 Kd6 52. g4 Rd1
53. Rc2 R5d4 54. Rg2 Rf1+ 55. Kg3 Rd5 56. Kh2 Rf6 57. Kh3 Rf8 58. Rgg3 Rh8+ 59.
Kg2 Rd2+ 60. Kf3 Rf8+ 61. Ke4 Ke6 62. Rgf3 Rc8 63. Kf4+ Kf6 64. Kg3+ Kg6 65.
Re6+ Kg7 66. Re7+ Kg6 67. Rfe3 Rg8 68. R7e6+ Kf7 69. Re7+ Kg6 70. Rb7 Rd6 71.
Reb3 Ra8 72. Rc7 Rda6 73. Rcc3 R8a7 74. Rf3 Ra8 75. Rbd3 R8a7 76. Rfe3 Ra8 77.
Rc3 R8a7 78. Kf4 Ra4+ 79. Kf3 Rf7+ 80. Kg3 Rff4 81. Rc6+ Kf7 82. Rc7+ Kf6 83.
Rc6+ Kf7 84. Rb3 Rxg4+ 85. Kf2 Raf4+ 86. Rf3 Rxf3+ 87. Kxf3 Ra4 88. Rc3 Ke6 89.
Rd3 Ke5 90. Ke3 Re4+ 91. Kf3 Rd4 92. Re3+ Kd5 93. Rc3 Rc4 94. Rb3 Rh4 95. Kg3
Ra4 96. Rf3 Kc5 97. Kf2 Re4 98. Rb3 Rh4 99. Ke2 Rh2+ 100. Kd3 Rh3+ 101. Kc2 Rxb3
102. Kxb3 Kb5 1/2-1/2

[Event "Qatar Masters Open 2024"]
[Site "Doha QAT"]
[Date "2024.12.11"]
[Round "8.43"]
[White "Nazari, Arad"]
[Black "Ajay Santhosh Parvathareddy"]
[Result "1-0"]
[WhiteTitle "IM"]
[BlackTitle "FM"]
[WhiteElo "2401"]
[BlackElo "2299"]
[WhiteFideId "12577324"]
[BlackFideId "25998676"]
[EventDate "2024.12.03"]

1. e4 c5 2. Nf3 d6 3. d4 cxd4 4. Nxd4 Nf6 5. Nc3 a6 6. Nb3 e6 7. g4 b5 8. Bg2
Bb7 9. a3 h6 10. Be3 Nbd7 11. f4 Rc8 12. O-O Rxc3 13. bxc3 Bxe4 14. a4 Bxg2 15.
Kxg2 Nd5 16. Qf3 bxa4 17. Rxa4 Qc8 18. Rfa1 Qxc3 19. Bd2 Qxf3+ 20. Kxf3 g5 21.
Rxa6 gxf4 22. Bxf4 Nxf4 23. Kxf4 Bg7 24. Ra8+ Ke7 25. Rxh8 Bxh8 26. Rh1 Nb6 27.
Nd2 Bc3 28. Ke3 Bxd2+ 29. Kxd2 Nc4+ 30. Ke2 Ne5 31. h3 Kf6 32. Kf2 d5 33. Rf1
Kg6 34. Ke3 Nc4+ 35. Kd4 Nd2 36. Rd1 Nf3+ 37. Kc5 Ng5 38. Rd3 Ne4+ 39. Kd4 Nd6
40. Rb3 Ne4 41. Ke5 Nd2 42. Rb8 Nc4+ 43. Kd4 Kg7 44. Rc8 Nd2 45. Ke5 Nc4+ 46.
Kd4 Nd2 47. Rc7 Nf3+ 48. Ke3 Ne5 49. c3 Nc4+ 50. Kf4 Nb2 51. Rc8 Nd3+ 52. Ke3
Ne5 53. Ra8 Ng6 54. Ra4 Ne5 55. Kd4 Nf3+ 56. Ke3 Ne5 57. Rb4 Ng6 58. c4 dxc4 59.
Rxc4 Ne7 60. Ke4 Nd5 61. Ke5 Ne3 62. Rf4 Ng2 63. Rf2 Nh4 64. Kd6 Ng6 65. Kd7
Ne5+ 66. Ke7 Kg6 67. Re2 Nd3 68. Re4 e5 69. Rc4 Nf2 70. h4 f6 71. Ke6 e4 72. Rc5
h5 73. g5 fxg5 74. Rxg5+ Kh6 75. Kf7 Ng4 76. Rg6+ Kh7 77. Re6 e3 78. Re8 Nh6+
79. Kf6 Ng4+ 80. Kg5 Kg7 81. Rb8 Kf7 82. Kf4 Kf6 83. Kf3 Ke5 84. Rd8 Kf6 85. Rd5
Nh6 86. Rd6+ Kg7 87. Kf4 Ng4 88. Rc6 Kf7 89. Rc2 Ke6 90. Kf3 Kd5 91. Rc8 Ne5+
92. Kxe3 Ng6 93. Rd8+ Ke5 94. Rd4 Kf5 95. Rd5+ Kf6 96. Rxh5 Ke6 97. Kf3 Kf6 98.
Kg4 Nf8 99. Ra5 Kg6 100. Ra6+ Kg7 101. Kf5 Nh7 102. h5 Nf8 103. h6+ Kf7 104. Ra8
Nh7 105. Ra1 Kg8 106. Rg1+ Kh8 107. Ke6 Nf8+ 108. Ke7 1-0

[Event "Qatar Masters Open 2024"]
[Site "Doha QAT"]
[Date "2024.12.11"]
[Round "8.44"]
[White "Quesada Perez, Luis Ernesto"]
[Black "Sliwicka, Alicja"]
[Result "1/2-1/2"]
[WhiteTitle "GM"]
[BlackTitle "WGM"]
[WhiteElo "2564"]
[BlackElo "2346"]
[WhiteFideId "3520773"]
[BlackFideId "1150677"]
[EventDate "2024.12.03"]

1. d4 Nf6 2. c4 e6 3. Nf3 d5 4. Nc3 Bb4 5. cxd5 exd5 6. Bg5 h6 7. Bh4 Nbd7 8.
Qc2 g5 9. Bg3 Ne4 10. e3 h5 11. h3 Nxg3 12. fxg3 Nb6 13. Bd3 Be6 14. O-O Bd6 15.
Bf5 Rh6 16. Bxe6 fxe6 17. Nb5 Nc4 18. Nxd6+ Qxd6 19. Ne5 Nxe5 20. dxe5 Qxe5 21.
Qa4+ c6 22. Qa3 Rf6 23. Rxf6 Qxf6 24. Rf1 Qe7 25. Qa5 Kd7 26. Rf2 Qh7 27. b4 Qe7
28. e4 Rf8 29. Qxa7 Kc7 30. Rxf8 Qxf8 31. Qd4 dxe4 32. Qxe4 Qf5 33. Qe3 b6 34.
Kh2 h4 35. gxh4 gxh4 36. a4 Kb7 37. Qd4 Qg5 38. Qd7+ Kb8 39. Qd6+ Kb7 40. Qd7+
Kb8 41. Qd6+ Kb7 42. Qd7+ 1/2-1/2

[Event "Qatar Masters Open 2024"]
[Site "Doha QAT"]
[Date "2024.12.11"]
[Round "8.45"]
[White "Heinemann, Josefine"]
[Black "Prraneeth, Vuppala"]
[Result "0-1"]
[WhiteTitle "WGM"]
[BlackTitle "GM"]
[WhiteElo "2305"]
[BlackElo "2461"]
[WhiteFideId "12900460"]
[BlackFideId "46622373"]
[EventDate "2024.12.03"]

1. e4 e5 2. Nf3 Nc6 3. Bb5 a6 4. Ba4 Nf6 5. O-O Bc5 6. c3 b5 7. Bb3 d6 8. d4 Bb6
9. Be3 O-O 10. Nbd2 Re8 11. h3 Na5 12. Bc2 c5 13. Re1 h6 14. d5 c4 15. b4 cxb3
16. axb3 Bd7 17. b4 Nb7 18. Qe2 a5 19. Bd3 Bxe3 20. Qxe3 Qc7 21. Rec1 Rec8 22.
Nf1 Nh5 23. g3 Rcb8 24. Kg2 Qc8 25. Ng1 f5 26. Nd2 Nf6 27. Qe2 Qe8 28. Qf3 Qf7
29. Rd1 Rc8 30. Ne2 axb4 31. cxb4 fxe4 32. Bxe4 Ra4 33. Rxa4 bxa4 34. Nc3 Nxe4
35. Ndxe4 Bxh3+ 0-1

[Event "Qatar Masters Open 2024"]
[Site "Doha QAT"]
[Date "2024.12.11"]
[Round "8.46"]
[White "Vivaan Vishal Shah"]
[Black "Aaditya, Dhingra"]
[Result "1-0"]
[WhiteTitle "CM"]
[BlackTitle "IM"]
[WhiteElo "2296"]
[BlackElo "2448"]
[WhiteFideId "25184237"]
[BlackFideId "25678191"]
[EventDate "2024.12.03"]

1. e4 e5 2. Nf3 Nc6 3. Nc3 Nf6 4. Nd5 Bc5 5. c3 O-O 6. d3 Be7 7. b4 d6 8. Nxe7+
Nxe7 9. Bg5 Ng6 10. h4 h6 11. h5 Nf4 12. Bxf4 exf4 13. Qd2 Ng4 14. Qxf4 f5 15.
Qd2 Qe8 16. O-O-O a5 17. b5 Qxb5 18. Nd4 Qc5 19. f3 Nf6 20. Nxf5 Bxf5 21. exf5
Nd5 22. Kb2 b5 23. d4 Qc6 24. Rc1 Nb6 25. Bd3 Rxf5 26. Ka1 Nc4 27. Qd1 Rff8 28.
Bb1 d5 29. Qd3 Rf6 30. Qh7+ Kf7 31. Rhe1 b4 32. Re2 Re6 33. Bg6+ Rxg6 34. hxg6+
Kf6 35. Rce1 Nd6 36. Re6+ Kf5 37. R1e3 Re8 38. Rxe8 Nxe8 39. Qg8 Nf6 40. Qxg7
bxc3 41. Qxh6 1-0

[Event "Qatar Masters Open 2024"]
[Site "Doha QAT"]
[Date "2024.12.11"]
[Round "8.47"]
[White "Amartuvshin, Ganzorig"]
[Black "Mohamed, Anees M"]
[Result "1-0"]
[WhiteTitle "IM"]
[BlackTitle "FM"]
[WhiteElo "2392"]
[BlackElo "2344"]
[WhiteFideId "4902548"]
[BlackFideId "35065815"]
[EventDate "2024.12.03"]

1. d4 f5 2. g3 e6 3. Bg2 Nf6 4. Nf3 Be7 5. O-O Ne4 6. c4 d5 7. Nc3 c6 8. Bf4 g5
9. Bxb8 Rxb8 10. Ne5 O-O 11. c5 Bf6 12. Nxe4 fxe4 13. f4 exf3 14. Rxf3 Bxe5 15.
dxe5 Rxf3 16. Bxf3 b6 17. b4 bxc5 18. bxc5 Rb4 19. Rc1 Qa5 20. Qd2 h6 21. Qd3
Qc7 22. Qg6+ Qg7 23. Qe8+ Qf8 24. Qxc6 g4 25. Bg2 Rb7 26. Qd6 Qe8 27. c6 Rf7 28.
e4 dxe4 29. Bxe4 Kg7 30. Rd1 Ba6 31. Bg2 Be2 32. Qd8 Qxd8 33. Rxd8 Re7 34. Rd7
Kf7 35. c7 Ba6 36. Rxe7+ Kxe7 37. Bc6 Bc8 38. Kf2 Kf7 39. Ke3 Kg6 40. Kf4 h5 41.
Be8+ Kh6 42. a3 a6 43. Bc6 Kg6 44. Be4+ Kh6 45. Ke3 Kg7 46. Kd4 Kf7 47. Kc5 Ke7
48. Kb6 1-0

[Event "Qatar Masters Open 2024"]
[Site "Doha QAT"]
[Date "2024.12.11"]
[Round "8.48"]
[White "Bharadia Yash"]
[Black "Manish Anto, Cristiano F"]
[Result "0-1"]
[WhiteTitle "CM"]
[BlackTitle "IM"]
[WhiteElo "2385"]
[BlackElo "2296"]
[WhiteFideId "45087822"]
[BlackFideId "25095927"]
[EventDate "2024.12.03"]

1. e4 e5 2. Nf3 Nc6 3. Bb5 a6 4. Ba4 Nf6 5. O-O d6 6. Re1 Bd7 7. c4 Bg4 8. h3
Bxf3 9. Qxf3 Nd7 10. Bxc6 bxc6 11. Nc3 Be7 12. b4 O-O 13. a4 Bg5 14. a5 Rb8 15.
Rb1 Re8 16. Qd3 Nf8 17. Ba3 Ne6 18. Ne2 g6 19. Rb2 Rf8 20. Reb1 Ra8 21. Qc3 f5
22. d3 Qf6 23. f3 Be3+ 24. Kh1 Qh4 25. Rf1 Ng5 26. d4 exd4 27. Nxd4 Bf4 28. Qe1
Bg3 29. Qd1 fxe4 30. Nxc6 exf3 31. Qd5+ Kg7 32. Rc2 fxg2+ 33. Qxg2 Nxh3 34. Bb2+
Kh6 35. Bc1+ g5 36. Rxf8 Rxf8 37. Qd2 Qe4+ 0-1